书目信息 |
| 题名: |
赣州客家传统村落及民居类型文化地理研究
|
|
| 作者: | 梁步青 , 肖大威, 著 | |
| 分册: | ||
| 出版信息: | 北京 中国建筑工业出版社 2021.10 |
|
| 页数: | 233页 | |
| 开本: | 26cm | |
| 丛书名: | 中国传统村落及其民居保护与文化地理研究文库 | |
| 单 册: | ||
| 中图分类: | TU982.295.63 , TU241.5 | |
| 科图分类: | ||
| 主题词: | 客家人--ke jia ren--村落--乡村规划--研究--赣州 , 客家人--ke jia ren--民居--研究--赣州 | |
| 电子资源: | ||
| ISBN: | 978-7-5074-3249-7 | |
| 000 | 01907nam 2200313 450 | |
| 001 | 27762 | |
| 005 | 20220923122543.28 | |
| 010 | @a978-7-5074-3249-7@dCNY158.00 | |
| 100 | @a20220412d2021 em y0chiy50 ea | |
| 101 | 0 | @achi |
| 102 | @aCN@b110000 | |
| 105 | @aab a 000yy | |
| 200 | 1 | @a赣州客家传统村落及民居类型文化地理研究@Agan zhou ke jia chuan tong cun luo ji min ju lei xing wen hua di li yan jiu@f梁步青, 肖大威著 |
| 210 | @a北京@c中国建筑工业出版社@c中国城市出版社@d2021.10 | |
| 215 | @a233页@c图 (部分彩图), 地图@d26cm | |
| 225 | 2 | @a中国传统村落及其民居保护与文化地理研究文库@Azhong guo chuan tong cun luo ji qi min ju bao hu yu wen hua di li yan jiu wen ku |
| 300 | @a国家出版基金项目 基于文化地理学的赣闽粤地区客家传统村落及其民居演变理论研究 | |
| 314 | @a肖大威, 1956年3月出生, 江西南昌人, 博士, 1995年晋升教授, 享受国务院特殊津贴专家。现任华南理工大学亚热带建筑科学国家重点实验室主任、国务院学科评议组成员。梁步青, 华南理工大学城乡规划学博士, 现任职于南昌大学建筑工程学院, 主要研究方向为城乡规划、文化遗产保护。 | |
| 320 | @a有书目 (第205-217页) | |
| 330 | @a本书运用文化地理学、城乡规划学与建筑学相结合的研究方法, 采用大数据的研究范式, 借助AreGIS平台, 构建“赣州客家传统村落及民居文化地理数据库”。以数据库为基础, 系统认识赣州客家传统村落及民居类型的文化特征, 全面揭示赣州客家传统村落及民居类型空间分布与分异规律, 准确划分赣州客家传统村落及民居文化区划, 深入探索赣州客家传统村落及各民居类型形成与发展的内在机制与影响因素, 对比分析与闽、粤客家传统村落及民居文化景观的异同。 | |
| 410 | 0 | @12001 @a中国传统村落及其民居保护与文化地理研究文库 |
| 606 | 0 | @a客家人@Ake jia ren@x村落@x乡村规划@x研究@y赣州 |
| 606 | 0 | @a客家人@Ake jia ren@x民居@x研究@y赣州 |
| 690 | @aTU982.295.63@v5 | |
| 690 | @aTU241.5@v5 | |
| 701 | 0 | @a梁步青@Aliang bu qing@4著 |
| 701 | 0 | @a肖大威,@Axiao da wei@f1956-@4著 |
| 801 | 0 | @aCN@c20220910 |
| 905 | @a河南城建学院图书馆@dTU982.295.63@eL395@f1 | |
| 赣州客家传统村落及民居类型文化地理研究/梁步青, 肖大威著.-北京:中国建筑工业出版社:中国城市出版社,2021.10 |
| 233页:图 (部分彩图), 地图;26cm.-(中国传统村落及其民居保护与文化地理研究文库) |
| 国家出版基金项目 基于文化地理学的赣闽粤地区客家传统村落及其民居演变理论研究 |
| ISBN 978-7-5074-3249-7:CNY158.00 |
| 本书运用文化地理学、城乡规划学与建筑学相结合的研究方法, 采用大数据的研究范式, 借助AreGIS平台, 构建“赣州客家传统村落及民居文化地理数据库”。以数据库为基础, 系统认识赣州客家传统村落及民居类型的文化特征, 全面揭示赣州客家传统村落及民居类型空间分布与分异规律, 准确划分赣州客家传统村落及民居文化区划, 深入探索赣州客家传统村落及各民居类型形成与发展的内在机制与影响因素, 对比分析与闽、粤客家传统村落及民居文化景观的异同。 |
| ● |
| 相关链接 |
|
|
|
正题名:赣州客家传统村落及民居类型文化地理研究
索取号:TU982.295.63/L395
 
预约/预借
| 序号 | 登录号 | 条形码 | 馆藏地/架位号 | 状态 | 备注 |
| 1 | 1580116 | 215801167 | 建筑库201/201建筑库 59排4列4层/ [索取号:TU982.295.63/L395] | 在馆 |